00633 2200217 4500001002100000005001700021008004100038020002200079035002500101040001200126082001200138090002200150100001900172245009700191250001100288260003800299300003400337650001000371850001200381990002200393YOGYA-0212000000063920150414140552.0 ind  a978-602-8528-53-5 a0010-021200000000639 aYOPDYOG a297.211 aDEP 297.211 Muh M aMuhammad Ilham aMengenal sifat-sifat Allah /cMuhammad Ilham; penyunting, Irham Sya roni; ilustrasi Ajon PH. aCet. 1 aYogyakartabIdea World Kidzc2011 a44 hlm. :bilus. ;c10x16 cm. aTuhan aYOPDYOG aCB-D.11-2011-1826